Nástroje na udržanie pracovníkov v podniku bakalárska práca

Enregistré dans:
Détails bibliographiques
Auteur principal: Matlovičová, Diana
Collectivité auteur: Fakulta podnikového manažmentu EU. Katedra manažmentu
Autres auteurs: Matkovčíková, Natália, 1982-
Format: Livre
Langue:slovaque
Publié: Bratislava 2015
Tags: Ajouter un tag
Pas de tags, Soyez le premier à ajouter un tag!

MARC

LEADER 00000nbm a2200000 4500
001 0202803
005 20161212101222.7
041 0 |a slo 
044 |a SK 
245 1 0 |a Nástroje na udržanie pracovníkov v podniku  |b bakalárska práca  |c Diana Matlovičová ; školiteľ: Natália Matkovčíková 
264 1 |a Bratislava  |c 2015 
300 |a 56 s. 
100 1 |a Matlovičová, Diana 
700 1 |a Matkovčíková, Natália, 1982- 
710 2 |a Fakulta podnikového manažmentu EU. Katedra manažmentu